Rok po festival Pohoda ovládli prekvapujúco politici, najšťastnejší však bol Lukáš Latinák

Bibliographic Details
Main Author: Dugovičová, Kristína (Author)
Format: Article
Language:Slovak
PhysicalDescription:Obr.
ISSN:1210-2040
Subjects:

MARC

LEADER 00000nab a2200000 a 4500
001 vtls010115173
003 SK-MaSNL
005 20260303210340.0
008 100715 2010 xo r r 000 0 slo
015 |a SNBRB2010/07  |2 kevkjb 
038 |a KEVKJB 
040 |a KEVKJB  |b slo  |c KEVKJB  |e AACR2 
041 0 |a slo 
044 |a xo  |c SK 
080 |a 78.079  |x (437.6)  |2 2001 
100 1 |a Dugovičová, Kristína  |4 aut  |9 265544 
245 1 0 |a Rok po  |b festival Pohoda ovládli prekvapujúco politici, najšťastnejší však bol Lukáš Latinák  |c Kristína Dugovičová 
300 |b Obr. 
611 2 7 |a Pohoda  |n (14. :  |d 2010 :  |c Trenčín, Slovensko)  |2 kevkjb  |9 1241866 
650 0 7 |a hudobné festivaly  |2 kevkjb  |9 2958 
651 7 |a Trenčín (Slovensko)  |2 kevkjb  |9 159956 
773 0 |t Plus 7 dní  |g Roč. XX, č. 29 (2010), s. 120-123  |x 1210-2040 
852 |a KEVKJB  |b KIS3GCP 
999 |c 2199873  |d 2201803